Calculus /
Guardado en:
| Autor Principal: | |
|---|---|
| Formato: | Libro |
| Publicado: |
Argentina :
Eudeba,
1972
|
| Materias: | |
| Etiquetas: |
Agregar Etiqueta
Sin Etiquetas, Sea el primero en etiquetar este registro!
|
| LEADER | 00741nam a22002175a 4500 | ||
|---|---|---|---|
| 001 | CEM.cems003787 | ||
| 005 | 19000101000000.0 | ||
| 008 | 130507s1972##################000#0#####d | ||
| 003 | CEMS | ||
| 082 | 0 | 4 | |a 517 |
| 100 | 1 | |a Leeuw, Karel de | |
| 245 | 1 | 0 | |a Calculus / |
| 260 | |a Argentina : |b Eudeba, |c 1972 | ||
| 300 | |a 268 p. | ||
| 505 | 0 | |a Rectas en el plano; Rectas paralelas y perpendiculares, distancias; Las conicas: elipse, hiperbola y parabola; Forma general de las conicas; Coordenadas polares, ecuacion polar de las conicas | |
| 653 | |a Continuidad | ||
| 653 | |a Curvatura | ||
| 653 | |a Derivadas | ||
| 653 | |a Ecuaciones diferenciales | ||
| 653 | |a Ecuaciones parametricas | ||
| 859 | |a CEMS |b BIB. CEMS - 11 de abril |h 517 |i L519a2 |p 11123.82 |t Ej.1 | ||
